| LEADER |
01223nam0a2200229 450 |
| 001 |
16820417 |
| 010 |
|
|
|a 978-2-01-322815-2
|b br.
|d 6,5
|
| 100 |
|
|
|a 20101203d2026 u u0frey01 ba
|
| 101 |
1 |
|
|a fre
|c
|
| 102 |
|
|
|a FR
|
| 200 |
0 |
|
|a Mission: sauver le monde
|f James Patterson
|g traduit de l'anglais (Etats-Unis) par Aude Lemoine
|
| 207 |
|
1 |
|a
|
| 210 |
|
|
|c Livre de Poche Jeunesse
|d DL 2010
|
| 215 |
|
|
|a 1 vol. (503 p.)
|c couv. ill. en coul.
|d 18 cm
|
| 225 |
1 |
|
|v tome
|
| 330 |
|
|
|a Pas facile d'avoir une vie normale quand on est mutant ! Surtout quand la mission qui vous est confiée est de sauver la Terre du plan - R-évolution - un génocide de la moitié de la planète - prévu par le puissant groupe Itex. Max aurait largement préféré avoir une vie d'ado normale. Au lieu de ça, elle se retrouve à la tête d'une tribu de cinq enfants et, ensemble, ils sillonnent le ciel de l'Europe pour tenter d'échapper à des ennemis de cauchemar.
|
| 461 |
|
0 |
|t Max
|v 3
|
| 700 |
|
0 |
|a Patterson
|b James
|c Auteur du texte
|f 1947-....
|4 70
|
| 702 |
|
0 |
|a Lemoine
|b Aude
|4 730
|
| 900 |
|
|
|a Roman Jeunesse
|
| 901 |
|
|
|a Accessible au prêt
|
| 995 |
|
|
|a Bibliothèque
|c Bibliothèque
|f 024015454
|h 024015454
|k J PAT
|o p
|q j
|r az
|e Bibliothèque
|